000 00313 a2200121 4500
001 146845
040 _cEscola São Tomás de Aquino
100 _aALENCAR, José de
240 1 0 _aO Guarani
_lpor
245 1 0 _aO Guarani
697 _aCaricaturas, desenho animado, cômico, fotonovelas / Quadrinhos
942 _cBK
999 _c146845
_d146845